000 00946nas a2200325 4500
001 BR8503643
003 BR-BrBNA
005 20231205090302.0
007 ta
008 230509b bl.|||p| |||| 00| 00por d
040 _aBR-BrBNA
_bpor
_cBiblioteca Nacional de Agricultura
041 _a(Pt)
072 _aH20; P40
100 1 _aKushalappa, A.C.
100 1 _aCruz Filho, J. da
245 1 _aEpidemiologia [Doenca de planta]
650 _aEPIDEMIOLOGIA
650 _aDOENCA DE PLANTA
650 _aEPIDEMIA
650 _aINFECCAO
650 _aESPORULACAO
650 _aTEMPERATURA
650 _aHOSPEDEIRO
650 _aMODELO MATEMATICO
650 _aDIAGNOSTICO
650 _aCONTROLE QUIMICO
773 0 _tInforme Agropecuario - Empresa de Pesquisa Agropecuaria de Minas Gerais (Brazil)
_xISSN 0100-3364
_g(Feb 1985), v. 11(222) p. 52-56
_wBR8503643
909 _a202311
_bLúcia
_c55
_dLúcia Elande
942 _2AGRIS
_n0
_cANA
999 _c117353
_d117353